Účelnosť a efektívnosť Zo správy Ústrednej revíznej komisie SZPB, prednesenej na pléne predsedom ÚRK SZPB Ing. dr. L. Chochlíkom

Bibliographic Details
Format: Article
Language:Slovak
Subjects:

MARC

LEADER 00000nab a2200000 a 4500
001 vtls000084987
003 SK-MaSNL
005 20260303032042.0
008 140402c1981 xo 0 slo
015 |a SNBRB19rr/mm-uuuuu 
035 |a CL0095089 
040 |a SNKBUCL  |b slo  |c SNKBUCL  |e AACR2 
041 0 |a slo 
044 |a xo  |c SK 
080 |a 329.75  |2 1981 
245 0 0 |a Účelnosť a efektívnosť  |b Zo správy Ústrednej revíznej komisie SZPB, prednesenej na pléne predsedom ÚRK SZPB Ing. dr. L. Chochlíkom 
650 0 7 |a SZPB ÚRK  |2 snkbucl  |9 1002907 
655 7 |a články z novín a časopisov  |2 snkbucl  |9 267496 
773 0 |t Bojovník  |g Roč. 26, č. 14 (1981), s. 4 
850 |a Slovenská národná knižnica v Martine  |a MTA001 
852 |a SNK  |b KIS3GCP 
958 |a RK 
992 |a RBX 
999 |c 1661998  |d 1663928